美国top50城市中译英地名表 Chinese-English vocabulary of the top 50 cities in USA - Statistics

General Stats
  • This quiz has been taken 78 times
  • The average score is 33 of 50
Answer Stats
人口 所在州 中文译名 English % Correct
2665039 Illinois 芝加哥 Chicago
96%
3822238 California 洛杉矶 Los Angeles
91%
8335897 New York 纽约 New York City
90%
1299544 Texas 达拉斯 Dallas
87%
2302878 Texas 休斯敦 Houston
86%
974447 Texas 奥斯汀 Austin
84%
1381162 California 圣迭戈 San Diego
84%
671803 District of Columbia 华盛顿 Washington
84%
650706 Massachusetts 波士顿 Boston
83%
808437 California 圣弗朗西斯科/旧金山 San Francisco
83%
749256 Washington 西雅图 Seattle
83%
656274 Nevada 拉斯维加斯 Las Vegas
81%
449514 Florida 迈阿密 Miami
81%
499127 Georgia 亚特兰大 Atlanta
80%
694800 Oklahoma 俄克拉荷马城 Oklahoma City
80%
1644409 Arizona 菲尼克斯 Phoenix
80%
509297 Kansas 堪萨斯城 Kansas City
79%
713252 Colorado 丹佛 Denver
77%
635067 Oregon 波特兰 Portland
77%
1472909 Texas 圣安东尼奥 San Antonio
77%
971233 California 圣何塞 San Jose
74%
880621 Indiana 印第安纳波利斯 Indianapolis
73%
451307 California 长滩 Long Beach
71%
485153 Nebraska 奥马哈 Omaha
71%
971319 Florida 杰克逊维尔 Jacksonville
69%
624444 Kentucky 路易斯维尔 Louisville
69%
897720 North Carolina 夏洛特 Charlotte
67%
621056 Michigan 底特律 Detroit
67%
455618 Virginia 弗吉尼亚海滩 Virginia Beach
67%
1567258 Pennsylvania 费城 Philadelphia
64%
683622 Tennessee 纳什维尔 Nashville
63%
398173 Florida 坦帕 Tampa
63%
528001 California 萨卡拉门托 Sacramento
61%
569931 Maryland 巴尔的摩 Baltimore
60%
425096 Minnesota 明尼阿波利斯 Minneapolis
60%
677456 Texas 埃尔帕索 El Paso
57%
620376 Tennessee 孟菲斯 Memphis
57%
907971 Ohio 哥伦布 Columbus
54%
486248 Colorado 科罗拉多斯普林斯 Colorado Springs
53%
430553 California 欧克兰 Oakland
53%
512498 Arizona 梅萨 Mesa
47%
563305 Wisconsin 密尔沃基 Milwaukee
41%
546574 California 弗雷斯诺 Fresno
40%
545567 Arizona 图森 Tucson
39%
956709 Texas 沃斯堡 Fort Worth
36%
561008 New Mexico 阿尔伯克基 Albuquerque
31%
410647 California 贝克斯菲尔德 Bakersfield
29%
411867 Oklahoma 塔尔萨 Tulsa
27%
396192 Kansas 威奇托 Wichita
23%
476587 North Carolina 罗利 Raleigh
21%
No matching quizzes found
Score Distribution
Percent of People with Each Score
Percentile by Number Answered
Your Score History
You have not taken this quiz